000 00311nam a22001337a 4500
008 181030b xxu||||| |||| 00| 0 eng d
020 _a0803693214
041 _aeng
080 _a610
100 _a4
101 _aSHM
245 _aClinical Interpretation of Laboratory Tests
_cWidmann,F.K
942 _2udc
_cBK
999 _c51089
_d51089